000 00727nam a2200265 i 4500
001 C2-0004466
003 PPAK
005 20190630221820.0
008 970126s1991 my |||| ||||| | may d
020 _a9836219196
040 _aPPAK
_beng
_cPPAK
_erda
082 0 4 _a899.23301
_223
090 0 0 _a899.23301
_bBER
_dG
090 0 0 _a899.23301
_bBER
_dKIH
090 0 0 _a899.23301
_bBER
_dKSA
245 0 0 _aBerakhirnya Pesta Ngoncong
264 1 _aKuala Lumpur :
_bDewan Bahasa dan Pustaka ,
_c1991
300 _axi, 235 pages ;
_c18 cm
336 _2rdacontent
_atext
337 _2rdamedia
_aunmediated
338 _2rdacarrier
_avolume
650 1 0 _aShort stories, Malay
700 0 _aJiso Rutan,
_ecompile
942 _ddc
_cB
999 _c1088
_d1088